000 00535nam a2200193Ia 4500
005 20250508154541.0
008 008 250505s9999 xx 000 0 eng d
037 _aTextual
040 _aFEDL
_beng
_cFEDL
041 _aeng
_2eng
084 _a331.11, BRY
_qFEDL
100 _aBryant Robert
_9765619
245 0 _aModern view of the law relating to employment
260 _aOxford
_bPergamon Press
_c1965
300 _aix,116p.
650 _aEconomics
942 _cTEXL
_h331.11, BRY
999 _c1350864
_d1350864